Guess the Taylor Swift song by emojis *4* - Statistics

General Stats
  • This quiz has been taken 199 times
    151 since last reset
  • The average score is 12 of 14
Answer Stats
Hint Answer % Correct
โ„๐Ÿ”›๐Ÿ๏ธ Snow on the beach
96%
๐Ÿฅ‚๐Ÿ˜ž Champagne problems
93%
โค๐Ÿ“– Love Story
92%
๐Ÿ—ฃ๏ธ๐Ÿ‘‡ Speak Now
89%
๐Ÿง‘โ€๐Ÿ’ผ The Man
89%
๐Ÿชž๐Ÿชฉ Mirrorball
87%
โ“ Question...?
87%
๐Ÿ‡ฌ๐Ÿ‡ง๐Ÿ‘ฆ London Boy
86%
๐Ÿซง๐Ÿงผ Clean
84%
๐Ÿ’ƒ๐Ÿคฒ๐Ÿชข Dancing with Our Hands Tied
82%
๐Ÿ€โ˜๏ธ The Lucky One
82%
โ˜ฎ๏ธ๐Ÿ•Š๏ธ Peace
80%
๐Ÿท๐Ÿซ—๐Ÿ”ด+๐ŸŸค Maroon
65%
๐Ÿƒโ€โ™€๏ธ๐ŸŒฒ Out Of The Woods
63%
No matching quizzes found
Score Distribution
Percent of People with Each Score
Percentile by Number Answered
Your Score History
You have not taken this quiz since the last reset